00789nas a2200229Ia 4500001001100000003000900011008004100020040001300061040001300074041001300087100004500100210001700145222001700162240006000179245008500239250001100324260004600335501008600381300001900467362003700486650003600523R020/B1018IT-RoPAU151124c99999999xx |||||||||||| ||und|| aIT-RoPAU cIT-RoPAU aITALIANO aRobinson DavidgCodice Aut. SPICS: 1984 aGRIFFITHIANA aGriffithiana aINCUNABULA OF ANIMATIONgCodice Tit. Orig. Spics: B1041 aGRIFFITHIANA, ANNO 13-N.38/39 (OTTOBRE 1990)bIncunaboli Del Cinema D'Animazione a1a ed. aGEMONA (UDINE)bCINETECA DEL FRIULIc1990 bPaulus - SPICS - Società San Paolo EM (non-commercial uses only)cCopyright2015 a5 p. [211-215] aANNO 013, N.38/39 (OTTOBRE 1990) aCINEMAvPUBBLICAZIONE PERIODICA